Record Details

  Morris Plays Hide and Seek

French Vivian (Author).

Record details

  • ISBN: 9780007185993
  • Physical Description: Paperback
  • Publisher: London HarperCollins 2005
Subject: Elementary readings

Available copies

  • 10 of 10 copies available at Headquarters.
Location Call Number / Copy Notes Barcode Shelving Location Status Due Date
Frafraha Library 201 jFIC/FRE 000001262940 Childrens' Fiction Available -
Frafraha Library 201 jFIC/FRE 000001262957 Childrens' Fiction Available -
Frafraha Library 201 jFIC/FRE 000001262964 Childrens' Fiction Available -
Frafraha Library 201 jFIC/FRE 000001262971 Childrens' Fiction Available -
Frafraha Library 201 jFIC/FRE 000001262988 Childrens' Fiction Available -
Frafraha Library 201 jFIC/FRE 000001262995 Childrens' Fiction Available -
Frafraha Library 201 jFIC/FRE 000001263008 Childrens' Fiction Available -
Frafraha Library 201 jFIC/FRE 000001263015 Childrens' Fiction Available -
Frafraha Library 201 jFIC/FRE 000001263022 Childrens' Fiction Available -
Frafraha Library 201 jFIC/FRE 000001263039 Childrens' Fiction Available -

No reviews or recommendations are currently available.

Loading shelf browser…

LDR 00620cam a2200205Ka 4500
00179745
003HQ
00520210518170740.0
008070101s xxka br 1 eng d
020 . ‡a9780007185993
037 . ‡aGovernment Of Ghana
082 . ‡ajFIC/FRE
100 . ‡aFrench Vivian
245 . ‡a  Morris Plays Hide and Seek
260 . ‡aLondon ‡b HarperCollins ‡c2005
300 . ‡aPaperback
650 . ‡aElementary readings
901 . ‡a79745 ‡bAUTOGEN ‡c79745 ‡tbiblio

Session Timeout

Your session will expire in minutes and seconds.

If you need more time, please click "Continue Session."

Session Ended

Your session has ended. Redirecting to the home page...